000 00363nam a2200145Ia 4500
008 231207s9999 xx 000 0 und d
041 _aeng
082 _a658.31/SHA
100 _aS. Shane
245 _aOrganizational Behaviour
250 _a2005, 3rd Edition
260 _bTata mc graw hill Delhi
300 _aPB/688
650 _aComnputer Program Language
999 _c946594
_d946594